| 000 | 00429cam a22001457a 4500 | ||
|---|---|---|---|
| 008 | 180718b2006 xxu||||| |||| 00| 0 eng d | ||
| 020 | _a8175413220 | ||
| 082 | _aA99/AM16 T39 | ||
| 100 | _aThorat, Sukhadeo | ||
| 245 |
_aAmbedkar's role in economic planning, water and power policy _cby Sukhadeo Thorat |
||
| 250 | _a2nd ed. | ||
| 260 |
_aDelhi _bShipra _c2006 |
||
| 300 | _a238p. | ||
| 650 | _aAmbedkar, B.R. - views on economics | ||
| 999 |
_c406063 _d406063 |
||